LEADER 00631nam a2200193 i 4500 001 000000253775 003 CaOOAMICUS 005 20170413000000.0 008 170413s1841 it u000 u ita u 013 $a232680 040 $aSeMil$bita 245 10$aVol. 2. 300 $a257 p. 773 0 $aCelanese, Giovanni$tCarlo Magno in Italia, ossia Roma liberata.$dMilano : A spese dell'editore, 1840-1841.$g2$w()33736 850 $aSeMil 852 $aSeMil$W1$xVenegono$y1$m3T I 116 FA$j204121$B204121$CSeMilBibl$Z2$F217545 $8I 941 1 $a10 961 $aRecupero: Mantegazza 996 $6245$aVol. 2$9(OLS)http://semarc/title/13458 LEADER 00603naa a2200145 i 4500 001 000000296789 003 CaOOAMICUS 005 20180831172552.0 008 180831n xx u000 u und u 013 $a4273 040 $aSeMil$bita 100 1 $aBrovelli, Franco,$d<1941- >.$0(OLS)http://semarc/name/15532 245 10$aIntroduzione. 773 0 $aAmbrosio, Gianni $tPercorsi di chiese.$dMilano : Àncora, copyr. 1990.$kStrumenti per il lavoro pastorale$kContributi per l'azione pastorale, Strumenti per il lavoro pastorale$z8876103457$w()53601 996 $6245$aIntroduzione$9(OLS)http://semarc/title/64410